| Поле | Инд. | ПП | Название | Значение |
|---|---|---|---|---|
| Тип записи | a | |||
| Библиографический уровень | b | |||
| 001 | Контрольный номер | 090444aff3634d38958d4513be096fa3 | ||
| 005 | Дата корректировки | 20200626090515.0 | ||
| 008 | Кодируемые данные | 20170331 | ||
| 040 | b | Код языка каталог. | rus | |
| e | Правила каталог. | PSBO | ||
| 041 | 0_ | a | Код языка текста | rus |
| 084 | a | Индекс другой классификации/Индекс ББК | 67.410.213(2Рос) | |
| 100 | 1_ | a | Автор | Желтобрюхов С. П. |
| 245 | 10 | a | Заглавие | Особый порядок принятия судебного решения при согласии обвиняемого с предъявленным ему обвинением требует своего реформирования |
| 520 | 0_ | a | Аннотация | Статья посвящена особому порядку принятия судебного решения при согласии обвиняемого с предъявленным ему обвинением |
| 650 | 14 | a | Основная рубрика | право; процессуальное право; уголовное процессуальное право |
| 653 | 0_ | a | Ключевые слова | обвиняемый |
| a | Ключевые слова | особый порядок | ||
| a | Ключевые слова | принятие судебного решения | ||
| a | Ключевые слова | Россия | ||
| a | Ключевые слова | согласие обвиняемого с обвинением | ||
| a | Ключевые слова | Уголовно-процессуальный кодекс РФ | ||
| a | Ключевые слова | уголовный процесс | ||
| 773 | 08 | t | Заглавие источника | Российская юстиция |
| d | Дата издания источника | 2020 | ||
| g | Прочая информация | № 3. - С. 54 - 55 | ||
| w | Контрольный № источника | e7466aa06b2540358281e2135db0f8ff | ||
| 901 | t | Тип документа | b |